Smaragdový ostrov

Stručné zemepisno-geografické informácie. Historický vývoj Severného Írska. Cestovný ruch. Jazdenie v Írsku. Prírodné krásy írskeho vidieka. To najkrajšie z Írska.

Saved in:
Bibliographic Details
Main Author: Pozdechová, Martina
Format: Book Chapter
Language:Slovak
Subjects:
Tags: Add Tag
No Tags, Be the first to tag this record!

MARC

LEADER 00000naa$a2200000$$$4500
001 0004335
005 20230926070337.4
041 0 |a slo 
044 |a SK 
245 1 0 |a Smaragdový ostrov  |c aut. Martina Pozdechová 
520 |a Stručné zemepisno-geografické informácie. Historický vývoj Severného Írska. Cestovný ruch. Jazdenie v Írsku. Prírodné krásy írskeho vidieka. To najkrajšie z Írska. 
610 2 0 |a ruch cestovný 
610 2 0 |a Írsko 
610 2 0 |a história 
610 2 0 |a turistika 
100 1 |a Pozdechová, Martina